000 00465 a2200169 4500
003 OSt
005 20231103155328.0
008 231103b |||||||| |||| 00| 0 eng d
020 _a9789390339457
040 _coclc
082 _a920
_bMOU/M
100 _aMoulavi, E Moidu
_92113
245 _aMOULAVIYUDE ATHMAKATHA / E.MOYTHU MOULAVI
260 _aKerala:
_bOlive,
_c2021.
300 _a234p
942 _2ddc
_cBK
_h920
_iMOU/M
_k920
_mMOU/M
999 _c42802
_d42802